Responses for Show #4803 - Wednesday, June 22, 2005

Contestants

[<< previous game]

Marlene Lein, an attorney from Hooksett, New Hampshire

Eric Margelefsky, a graduate student originally from Toledo, Ohio

Mike Bober, a political fundraiser from Arlington, Virginia (whose 1-day cash winnings total $1,201)

[next game >>]

Jeopardy! Round responses

AUSTRALIAN WILDLIFE
EMMY-WINNING ROLES
(Alex: You have to name the role, not the show.)
GEE, YOU SMELL TERRIFIC
2004 NEW YORK TIMES BESTSELLERS
POPULATIONS
TO "EACH" HIS OWN
    $200 4
poison

Eric
    $200 1
Tony Soprano

Mike
    $200 14
Happy

Mike
    $200 20
Paris Hilton

Eric
    $200 9
Asia

Eric
    $200 23
breach

Marlene
    $400 5
the dingo

Eric
    $400 2
the Bionic Woman (Jaime Sommers)

Marlene
    $400 17
Stetson

Mike
    $400 21
My Life

Eric
    $400 10
one billion

Eric
    $400 24
preach

Eric
    $600 6
a koala bear

Mike
    $600 3
Perry Mason

Eric
    $600 18
Aramis

Mike
    $600 22
Lemony Snicket

Triple Stumper
    $800 11
(Eric: What is Rhode Island?)

Vermont

Eric
    $600 25
impeach

Mike
    $800 7
a crocodile

Marlene
    $800 15
Jack Tripper

Mike
    $800 19
(Alex: Charles Revson was one of the company's founders. [*] was the perfume.)

Charlie

Triple Stumper
    $800 30
Jane Pauley

Mike
    $800 12
Bhutan

Triple Stumper
    $800 26
beachcomber

Eric
    $1000 8
(Mike: What is a duck-billed platypus?)

an echidna

MikeEric
    $1000 16
(Mike: Who was Commander Klink?)

Colonel Klink

MikeMarlene
    $1000 28
(Alex: Let's all run out and buy [*].)
[Laughter]

Dirt

Triple Stumper
    $1000 29
(Eric: Who is Carville?)

Patrick Buchanan

Eric
Triple Stumper
    $1000 13
Sunni

Triple Stumper
    $1000 27
treacherous

Mike

Scores at the first commercial break (after clue 15):

Mike Eric Marlene
$800 $2,000 $1,200

Scores at the end of the Jeopardy! Round:

Mike Eric Marlene
$3,200 $2,800 $2,400

Double Jeopardy! Round responses

MARCH MADNESS
WHAT A BROADWAY CHARACTER!
ALSO A BODY PART
& NEVER THE TWAINS SHALL MEET
CRIME
THE THINGS YOU SAY!
    $400 19
(Marlene: What is Austria?)

Sweden

Marlene
Triple Stumper
    $400 2
Twelve Angry Men

Mike
    $400 24
arm

Mike
    $400 14
Missouri

Mike
    $400 1
(Alex: Yes. Clearly premeditated.)

first degree

Mike
    $400 7
drop

Mike
    $800 20
the Boston Massacre

Eric
    $800 3
unmasks him

Mike
    $800 25
a leg

Mike
    $800 15
Samuel Langhorne Clemens

Mike
    $800 9
a husband (or spouse)

Marlene
    $800 8
yes men

Eric
    $1200 21
the Treaty of Versailles

Marlene
    $1200 4
(Eric: What is the chandelier?)

Lumiere

MikeEric
    $1200 26
hand

Eric
    $1200 16
London

Marlene
    $3,000 10
highway robbery

Marlene
    $1200 13
sooth

Eric
    $1600 22
the Crimean War

Mike
    $1600 5
(Alex: Yes, Gypsy Rose Lee's sister.)

Gypsy

Mike
    $1600 29
a nail

Mike
    $1600 17
Robert "Mutt" Lange

Triple Stumper
    $1600 11
(Eric: What are computer disks?)

immigrants (into the U.S.)

Eric
Triple Stumper
    $3,000 30
idioms

Mike
    $2000 23
Svetlana Stalin

Marlene
    $2000 6
L. Frank Baum

Mike
    $2000 28
(Mike: What is... a needle?)

a rib

MikeMarlene
    $2000 18
The Gilded Age

Triple Stumper
    $2000 12
protection

Mike
    $2000 27
(Eric: What is malapropism?)

solecism

Eric
Triple Stumper

Scores at the end of the Double Jeopardy! Round:

Mike Eric Marlene
$18,600 $2,000 $12,200

[wagering suggestions for these scores]

Final Jeopardy! Round responses

HISTORIC NAMES
EricWho was Shakespeare
$500
MarleneWho is ?
$6,501
MikeWho is Galileo
$5,801
Galileo Galilei

Final scores:

Mike Eric Marlene
$24,401 $1,500 $5,699
2-day champion: $25,602 3rd place: $1,000 2nd place: $2,000

Game dynamics:

Coryat scores:

Mike Eric Marlene
$17,200 $2,800 $10,400
24 R
(including 1 DD),
3 W
14 R,
5 W
(including 1 DD)
10 R
(including 1 DD),
1 W

Combined Coryat: $30,400

[game clues] [game scores] [suggest correction]

Game tape date: 2004-12-09
The J! Archive is created by fans, for fans. Scraping, republication, monetization, and malicious use prohibited; this site may use cookies and collect identifying information. See terms. The Jeopardy! game show and all elements thereof, including but not limited to copyright and trademark thereto, are the property of Jeopardy Productions, Inc. and are protected under law. This website is not affiliated with, sponsored by, or operated by Jeopardy Productions, Inc. Join the discussion at JBoard.tv.